Religion Quiz

Random Religion or Bible Quiz

Book of the Bible or Sura of the Quran? Quiz Stats

 Plays Quiz Updated Apr 27, 2016

Also try: Bible or Quran?
Challenge
Share
Tweet
Embed
Score 0/20 Timer 03:00
3 Plays Today
Book Bible (B) / Quran (Q) % Correct
Genesis???
94.6%
Matthew???
94.6%
Deuteronomy???
92.8%
Ecclesiastes???
91.5%
Acts???
91%
Ruth???
90.6%
Quraish???
90.3%
Muhammad???
90%
Song of Solomon???
88.8%
Judges???
88.7%
Book Bible (B) / Quran (Q) % Correct
Women???
86.3%
Originator???
85.9%
Friday???
85.7%
He Frowned???
84.8%
Monotheism???
83.3%
Lamentations???
82.5%
Hosea???
76.7%
The Prophets???
74.2%
Mary???
70.3%
Abraham???
63.5%

You're not logged in!

Compare scores with friends on all Sporcle quizzes.
Join for Free
OR
Log In

You Might Also Like...

Show Comments

Extras

Top Quizzes Today


Score Distribution

Your Account Isn't Verified!

In order to create a playlist on Sporcle, you need to verify the email address you used during registration. Go to your Sporcle Settings to finish the process.

Report this User

Report this user for behavior that violates our Community Guidelines.

Details: